000 01127nam a2200325 i 4500
003 IT-RoINE
005 20171006093530.0
008 070606s2006 sp | r ||1 ||spa d
020 _a8497151046
040 _aSpMaBN
_bspa
_cIT-RoINE
_dIT-RoINE
041 0 _alat
_hspa
100 1 _aTertuliano, Quinto Septimio Florente,
_97908
_dca. 160-ca. 230
240 1 0 _aDe baptismo.
_lEspañol
245 1 3 _aEl bautismo ;
_bLa oración /
_cTertuliano ; introducción, texto crítico, traducción y notas de Salvador Vicastillo.
246 1 5 _aLa oracíon
260 _aMadrid :
_bCiudad Nueva,
_c[2006].
300 _a406 p. ;
_c24 cm
336 _2rdacontent
_atext
337 _2rdamedia
_aunmediated
338 _2rdacarrier
_avolume
490 _aFuentes patrísticas ;
_v18
500 _aIncluye índices.
504 _aIncluye bibliográfia.
546 _aTextos en latín y traducción en español.
700 1 _aTertuliano, Quinto Septimio Florente.
_tDe oratione
_lEspañol
_939941
700 1 _aVicastillo, Salvador‏
_939934
740 3 2 _aLa oración
830 _939866
_aFuentes patrísticas ;
_v18
942 _cMTS
999 _c20181
_d20181